[Event "VII Memorial Nicola Palladino B"]
[Site "Milano ITA"]
[Date "2015.04.06"]
[Round "7"]
[White "Colica, Daniele"]
[Black "Crippa, Oscar"]
[WhiteElo "1624"]
[BlackElo "1694"]
[Result "1/2-1/2"]
[PlyCount "57"]
[EventDate "2015.04.02"]

1. Nf3 d5 2. e3 Nf6 3. c4 c6 4. Nc3 e6 5. d4 Be7 6. Bd3 dxc4 7. Bxc4 O-O 8. O-O
Nd5 9. e4 Nxc3 10. bxc3 Nd7 11. Qc2 Re8 12. Bf4 Nf8 13. Bd3 b6 14. Rad1 Bb7 15.
c4 Ng6 16. Bg3 Bd6 17. e5 Be7 18. Be4 Qc7 19. Qb3 Rad8 20. d5 cxd5 21. cxd5
exd5 22. e6 Bd6 23. exf7+ Qxf7 24. Rxd5 Rxe4 25. Rxd6 Rxd6 26. Qxf7+ Kxf7 27.
Ng5+ Kg8 28. Nxe4 Re6 29. Nc3 1/2-1/2

[Event "VII Memorial Nicola Palladino B"]
[Site "Milano ITA"]
[Date "2015.04.06"]
[Round "7"]
[White "De Lerma, Andrea"]
[Black "Colonetti, Fabio"]
[WhiteElo "1709"]
[BlackElo "1605"]
[Result "1/2-1/2"]
[PlyCount "38"]
[EventDate "2015.04.02"]

1. Nf3 d5 2. d4 e6 3. c4 c6 4. Nc3 Nf6 5. e3 Be7 6. Bd3 dxc4 7. Bxc4 b5 8. Bd3
a6 9. Ne5 Bb7 10. Ne4 Nbd7 11. f4 Nxe5 12. fxe5 Nxe4 13. Bxe4 Bb4+ 14. Ke2 Qd7
15. a3 Be7 16. Qc2 h6 17. Rd1 O-O 18. Bd2 Rac8 19. Bb4 Bxb4 1/2-1/2

[Event "VII Memorial Nicola Palladino B"]
[Site "Milano ITA"]
[Date "2015.04.06"]
[Round "7"]
[White "Maran, Walter"]
[Black "Cagnotto, Marco"]
[WhiteElo "1547"]
[BlackElo "1673"]
[Result "1-0"]
[PlyCount "63"]
[EventDate "2015.04.02"]

1. e4 c5 2. Nf3 Nc6 3. d4 cxd4 4. Nxd4 g6 5. Be3 Bg7 6. Qd2 d6 7. Nc3 Nf6 8. f3
O-O 9. Bc4 Bd7 10. Bb3 a6 11. O-O-O Na5 12. h4 Nxb3+ 13. Nxb3 b5 14. Bh6 b4 15.
Ne2 a5 16. Bxg7 Kxg7 17. h5 Rb8 18. hxg6 fxg6 19. Kb1 a4 20. Nbc1 Qb6 21. g4
Rf7 22. e5 Ne8 23. Qh6+ Kg8 24. Nf4 Rg7 25. Qg5 Nc7 26. exd6 exd6 27. Rde1 Rf8
28. Re7 Rxe7 29. Qxe7 Rf7 30. Qh4 Rg7 31. Qd8+ Be8 32. Re1 1-0

[Event "VII Memorial Nicola Palladino B"]
[Site "Milano ITA"]
[Date "2015.04.06"]
[Round "7"]
[White "Myftaraj, Ylli"]
[Black "Mapelli, Davide"]
[WhiteElo "1634"]
[BlackElo "1579"]
[Result "1/2-1/2"]
[PlyCount "23"]
[EventDate "2015.04.02"]

1. d4 Nf6 2. Nf3 g6 3. c4 Bg7 4. Nc3 O-O 5. e3 d6 6. Be2 c5 7. O-O Be6 8. Ng5
Bc8 9. Nf3 Be6 10. Ng5 Bc8 11. Nf3 Be6 12. Ng5 1/2-1/2

[Event "VII Memorial Nicola Palladino B"]
[Site "Milano ITA"]
[Date "2015.04.06"]
[Round "7"]
[White "Nikonov, Maxim"]
[Black "Palermiti, Francesco"]
[WhiteElo "1507"]
[BlackElo "1444"]
[Result "1-0"]
[PlyCount "51"]
[EventDate "2015.04.02"]

1. e4 c5 2. Nf3 d6 3. d4 cxd4 4. Nxd4 Nf6 5. Nc3 a6 6. Bg5 e6 7. f4 Be7 8. Qf3
Qc7 9. O-O-O b5 10. e5 Bb7 11. exd6 Bxd6 12. Qg3 Be7 13. Re1 h6 14. Qh3 Bc8 15.
Bxf6 Bxf6 16. Nd5 Qd8 17. Nxf6+ Qxf6 18. Qe3 O-O 19. h4 b4 20. g4 Bb7 21. g5
hxg5 22. hxg5 Qd8 23. Rh4 Re8 24. Qh3 Kf8 25. Rh8+ Ke7 26. Rxe6+ 1-0

[Event "VII Memorial Nicola Palladino B"]
[Site "Milano ITA"]
[Date "2015.04.06"]
[Round "7"]
[White "Pipitone, Filippo Massimo"]
[Black "Casamassima, Paolo"]
[WhiteElo "1549"]
[BlackElo "1633"]
[Result "0-1"]
[PlyCount "66"]
[EventDate "2015.04.02"]

1. d4 Nf6 2. Nf3 e6 3. e3 d5 4. Bd3 c5 5. b3 cxd4 6. exd4 Bd6 7. Bb2 O-O 8. O-O
Nc6 9. a3 Qc7 10. Qe2 Re8 11. Ne5 Qb6 12. Nf3 a6 13. Nbd2 Nh5 14. g3 Nf6 15. b4
Ne7 16. Ne5 Nf5 17. Ndf3 Qc7 18. c4 dxc4 19. Nxc4 Bf8 20. Rac1 Qd8 21. Rfe1 b5
22. Nce5 Bb7 23. Ng5 h6 24. Ngf3 Qd5 25. Qd1 Nd6 26. Rc5 Qa2 27. Qc2 Rac8 28.
Ra1 Rxc5 29. dxc5 Qd5 30. cxd6 Bxd6 31. Kf1 Bxe5 32. Bxe5 Qxf3 33. Rc1 Nd5 $138
0-1

[Event "VII Memorial Nicola Palladino B"]
[Site "Milano ITA"]
[Date "2015.04.06"]
[Round "7"]
[White "Pirovano, Ezio"]
[Black "Russo, Luca"]
[WhiteElo "1433"]
[BlackElo "1609"]
[Result "1-0"]
[PlyCount "47"]
[EventDate "2015.04.02"]

1. e4 e6 2. d4 d5 3. Nc3 Bb4 4. e5 Qd7 5. a3 Bf8 6. Nf3 Nc6 7. Bd3 b6 8. O-O
Bb7 9. Qe2 O-O-O 10. b4 f6 11. Bb5 Kb8 12. a4 Bxb4 13. Bd2 Nge7 14. Na2 Bxd2
15. Qxd2 Qc8 16. Rfe1 Ba6 17. Bxa6 Qxa6 18. Nb4 Qc4 19. Nxc6+ Qxc6 20. Qb4 Rde8
21. a5 Qc4 22. Qb2 b5 23. Re3 a6 24. Rc3 1-0

[Event "Memorial Guido Cappello"]
[Site "Milano ITA"]
[Date "2015.05.12"]
[Round "1"]
[White "Brisotto, Stefano"]
[Black "Nepi, Ezio"]
[WhiteElo "1463"]
[BlackElo "1963"]
[Result "0-1"]
[PlyCount "80"]
[EventDate "2015.06.15"]

1. e4 c5 2. c3 e6 3. d4 d5 4. exd5 exd5 5. Nf3 Nc6 6. Bb5 Bd6 7. Be3 c4 8. b3
cxb3 9. axb3 Nge7 10. Qd2 O-O 11. O-O Bf5 12. Bd3 Bxd3 13. Qxd3 Rc8 14. Na3 a6
15. Nc2 Qb6 16. Rab1 Rfe8 17. c4 Nb4 18. Nxb4 Bxb4 19. c5 Qg6 20. Qxg6 hxg6 21.
Bd2 Bxd2 22. Nxd2 Nc6 23. Nf3 Re4 24. Rfd1 Rce8 25. Kf1 Kf8 26. Rd2 f6 27. Re1
Rxe1+ 28. Nxe1 Re4 29. Nc2 g5 30. f3 Rf4 31. Kf2 Rh4 32. h3 f5 33. Rd3 Ke7 34.
b4 Kd7 35. b5 axb5 36. Ke3 f4+ 37. Ke2 Rh8 38. Rb3 b4 39. Kd3 Re8 40. Nxb4 Re3+
0-1

[Event "Memorial Guido Cappello"]
[Site "Milano ITA"]
[Date "2015.05.12"]
[Round "1"]
[White "Cantoro, Daniele"]
[Black "Colica, Daniele"]
[WhiteElo "2107"]
[BlackElo "1638"]
[Result "1-0"]
[PlyCount "75"]
[EventDate "2015.06.15"]

1. Nf3 h6 2. c4 g5 3. h3 Bg7 4. d4 c5 5. d5 d6 6. Nc3 Bf5 7. Nd2 Qa5 8. e4 Bxc3
9. exf5 Bg7 10. h4 Nd7 11. hxg5 hxg5 12. Rxh8 Bxh8 13. Qh5 Bd4 14. Be2 Ne5 15.
Kf1 Bxb2 16. Bxb2 Qxd2 17. Bxe5 dxe5 18. Qh8 Qc3 19. Rd1 O-O-O 20. Qg7 Nf6 21.
g3 e4 22. Qxf7 Qe5 23. Kg2 e3 24. f3 g4 25. Qe6+ Qxe6 26. fxe6 b5 27. cxb5
gxf3+ 28. Bxf3 Kc7 29. Rd3 e2 30. Kf2 Rh8 31. Bxe2 Rh2+ 32. Ke1 Ne4 33. Bf3
Nxg3 34. d6+ exd6 35. e7 Kd7 36. Re3 Rh8 37. Bc6+ Kc7 38. Rxg3 1-0

[Event "Memorial Guido Cappello"]
[Site "Milano ITA"]
[Date "2015.05.12"]
[Round "1"]
[White "Gori, Andrea"]
[Black "Spada, Maurizio"]
[WhiteElo "2079"]
[BlackElo "1599"]
[Result "1-0"]
[PlyCount "133"]
[EventDate "2015.06.15"]

1. d4 d5 2. Nc3 Nf6 3. f3 Bf5 4. Bg5 h6 5. Bxf6 exf6 6. e4 Be6 7. Nge2 c6 8.
Nf4 Bb4 9. a3 Ba5 10. Qd2 O-O 11. exd5 cxd5 12. Bd3 Nc6 13. Nfe2 a6 14. g4 Re8
15. h4 Bb6 16. O-O-O Kf8 17. Bf5 Qd6 18. Bxe6 Rxe6 19. Nf4 Ree8 20. Nce2 Na5
21. Qb4 Qxb4 22. axb4 Nc6 23. Nxd5 Rxe2 24. Nxb6 Rae8 25. c3 R8e3 26. Rhf1 Rh2
27. Rd2 Rxh4 28. Nd7+ Kg8 29. Nc5 Nd8 30. Rdf2 Re7 31. Kd2 f5 32. gxf5 Rf4 33.
Re2 Rxe2+ 34. Kxe2 Rxf5 35. Ke3 h5 36. Ke4 g6 37. d5 Kg7 38. c4 Kh6 39. Nd7 h4
40. f4 h3 41. Rh1 Rh5 42. Ne5 f6 43. Ng4+ Kg7 44. Kf3 Nf7 45. Kg3 Nd6 46. b3
Ne4+ 47. Kh2 Rh4 48. Re1 f5 49. Ne5 Rxf4 50. Kxh3 g5 51. Re2 Rh4+ 52. Kg2 g4
53. Re3 g3 54. Nf3 Rh6 55. c5 Kf6 56. d6 Ke6 57. Ng5+ Kd7 58. Nxe4 fxe4 59.
Rxe4 Rg6 60. Re7+ Kc8 61. Rc7+ Kb8 62. Rf7 Kc8 63. Rf8+ Kd7 64. Rb8 Kc6 65.
Rc8+ Kd7 66. Rc7+ Kd8 67. Rxb7 1-0

[Event "Memorial Guido Cappello"]
[Site "Milano ITA"]
[Date "2015.05.12"]
[Round "1"]
[White "Mina, N. Mina"]
[Black "Ricciardi, Arcangelo"]
[WhiteElo "2180"]
[BlackElo "1737"]
[Result "1-0"]
[PlyCount "49"]
[EventDate "2015.06.15"]

1. e4 c5 2. d4 cxd4 3. c3 dxc3 4. Nxc3 Nc6 5. Nf3 d6 6. Bc4 Nf6 7. e5 dxe5 8.
Qxd8+ Nxd8 9. Nb5 Rb8 10. Be3 e6 11. Bxa7 Bb4+ 12. Ke2 Nc6 13. Bxb8 e4 14. Bd6
exf3+ 15. Kxf3 Bxd6 16. Nxd6+ Ke7 17. Rhd1 Ne5+ 18. Ke2 Nxc4 19. Nxc4 Bd7 20.
Nb6 Bb5+ 21. Ke1 Ng4 22. Rac1 Bc6 23. f3 Nxh2 24. Kf2 h5 25. Kg3 1-0

[Event "Memorial Guido Cappello"]
[Site "Milano ITA"]
[Date "2015.05.12"]
[Round "1"]
[White "Papale, Carmelo"]
[Black "Frignani, Alessandro"]
[WhiteElo "1794"]
[BlackElo "1407"]
[Result "1-0"]
[PlyCount "59"]
[EventDate "2015.06.15"]

1. e4 e5 2. Nf3 Qf6 3. Nc3 c6 4. d4 exd4 5. Bg5 Qd6 6. Nxd4 f6 7. Be3 Qb4 8.
Qd2 Qxb2 9. Rb1 Qa3 10. Bc4 Bb4 11. Rb3 Qa5 12. O-O Bxc3 13. Rxc3 b5 14. Bb3
Ba6 15. Nf5 Ne7 16. Nxg7+ Kd8 17. Rd1 Kc8 18. Bf4 Rd8 19. Qd6 Ng6 20. Bg3 Ne5
21. Rc5 Qc7 22. Qxf6 d6 23. Be6+ Nbd7 24. Bxe5 dxe5 25. Qe7 Rb8 26. Rd6 Rb6 27.
Ne8 Qb7 28. Nf6 Qc7 29. Nxd7 Rxd7 30. Rxd7 1-0

[Event "Memorial Guido Cappello"]
[Site "Milano ITA"]
[Date "2015.05.12"]
[Round "1"]
[White "Rottondi, Paolo"]
[Black "Pelizzola, Danilo"]
[WhiteElo "1612"]
[BlackElo "2080"]
[Result "0-1"]
[PlyCount "72"]
[EventDate "2015.06.15"]

1. e4 e5 2. Nf3 Nc6 3. Bb5 a6 4. Bxc6 dxc6 5. Nc3 f6 6. d3 Bd6 7. Be3 Ne7 8.
O-O Bg4 9. h3 Bh5 10. d4 exd4 11. Bxd4 O-O 12. Qd3 c5 13. Bxc5 Bxf3 14. Bxd6
Qxd6 15. Qxf3 Qe5 16. Rfe1 Rad8 17. Rad1 Nc6 18. Qe2 b5 19. Rd5 Qe7 20. Rxd8
Rxd8 21. Nd5 Qe6 22. c3 Ne5 23. f4 Nf7 24. Nxc7 Qb6+ 25. Qe3 Qxc7 26. g3 Qd6
27. e5 fxe5 28. fxe5 Qe6 29. Qc5 Re8 30. Qc7 Ng5 31. Re3 Nxh3+ 32. Kg2 Ng5 33.
Qb7 h6 34. b3 Kh7 35. Qc7 Rf8 36. Qd6 Qh3+ 0-1

[Event "Memorial Guido Cappello"]
[Site "Milano ITA"]
[Date "2015.05.12"]
[Round "1"]
[White "Silari, Andrea"]
[Black "Cani, Gazmir"]
[WhiteElo "1694"]
[BlackElo "2128"]
[Result "0-1"]
[PlyCount "96"]
[EventDate "2015.06.15"]

1. c4 Nf6 2. g3 g6 3. Bg2 Bg7 4. Nc3 Nc6 5. e3 d6 6. Nge2 Rb8 7. O-O O-O 8. d4
a6 9. a3 Na5 10. Qa4 c5 11. b4 Be6 12. bxa5 Qc8 13. d5 Bd7 14. Qb3 h5 15. h4
Ng4 16. Rb1 Ne5 17. Nf4 Bg4 18. f3 Bf5 19. e4 Bd7 20. Bb2 Qc7 21. Na4 Qxa5 22.
Nb6 Bb5 23. a4 Qxb6 24. axb5 axb5 25. Qxb5 Qxb5 26. cxb5 Ra8 27. Rf2 Ra5 28.
Bf1 Rfa8 29. Kg2 Ra4 30. Ne2 Rb4 31. Nc3 b6 32. Ra1 Rxa1 33. Bxa1 Nd7 34. Na2
Bxa1 35. Nxb4 cxb4 36. Ra2 Bd4 37. Ra4 Bc3 38. Bd3 Nc5 39. Ra8+ Kg7 40. Bb1 b3
41. Kf1 Kf6 42. Rb8 Na4 43. Ra8 Ba5 44. Kf2 e6 45. dxe6 fxe6 46. f4 b2 47. Ke3
Nc3 48. Bc2 Nxb5 0-1

[Event "Memorial Guido Cappello"]
[Site "Milano ITA"]
[Date "2015.05.14"]
[Round "2"]
[White "Arena, Ignazio"]
[Black "Silari, Andrea"]
[WhiteElo "1441"]
[BlackElo "1694"]
[Result "1/2-1/2"]
[PlyCount "77"]
[EventDate "2015.06.15"]

1. d4 f5 2. c4 Nf6 3. Nc3 e6 4. Nf3 c6 5. Bg5 Be7 6. e3 O-O 7. Bd3 d5 8. c5 b5
9. b4 a5 10. a3 Ne4 11. Bxe7 Qxe7 12. Bxe4 fxe4 13. Ne5 a4 14. O-O Bb7 15. Qg4
Rf5 16. Ne2 Rg5 17. Qh3 Nd7 18. Nxd7 Qxd7 19. Nf4 Re8 20. f3 exf3 21. Rxf3 Bc8
22. Raf1 Rf5 23. Nd3 Rxf3 24. Qxf3 Qe7 25. Qg3 Rf8 26. Rxf8+ Kxf8 27. Ne5 Bd7
28. Nxd7+ Qxd7 29. Qb8+ Kf7 30. Qf4+ Ke8 31. Kf1 Qf7 32. Qxf7+ Kxf7 33. Kf2 e5
34. Kf3 Kf6 35. g4 g5 36. h3 e4+ 37. Kg3 Kg6 38. h4 h6 39. h5+ 1/2-1/2

[Event "Memorial Guido Cappello"]
[Site "Milano ITA"]
[Date "2015.05.14"]
[Round "2"]
[White "Beccari, Paolo"]
[Black "Cantoro, Daniele"]
[WhiteElo "1821"]
[BlackElo "2107"]
[Result "0-1"]
[PlyCount "84"]
[EventDate "2015.06.15"]

1. e4 c5 2. Nf3 Nc6 3. Bb5 g6 4. O-O Bg7 5. Re1 Nf6 6. Bxc6 dxc6 7. d3 O-O 8.
h3 b6 9. Nc3 Ne8 10. Bg5 Nc7 11. Qd2 f6 12. Bh6 e5 13. Ne2 Ne6 14. Bxg7 Kxg7
15. Rad1 Nd4 16. Nfxd4 cxd4 17. f4 Be6 18. Rf1 Qe7 19. Ng3 a5 20. f5 Bxa2 21.
Qe2 g5 22. h4 gxh4 23. Qg4+ Kh8 24. Qxh4 Rg8 25. Nh5 Rg5 26. Rf3 Rag8 27. Rg3
Bf7 28. Rxg5 Rxg5 29. Ng3 Qf8 30. Kf2 Qg7 31. Rh1 Kg8 32. Rh2 h5 33. Ne2 Rg4
34. Qh3 Qg5 35. Ke1 a4 36. Kd1 b5 37. Qf3 b4 38. Nc1 a3 39. b3 Rf4 40. Qe2 h4
41. Rh3 Bh5 42. g4 Bxg4 0-1

[Event "Memorial Guido Cappello"]
[Site "Milano ITA"]
[Date "2015.05.14"]
[Round "2"]
[White "Cani, Gazmir"]
[Black "Gori, Andrea"]
[WhiteElo "2128"]
[BlackElo "2079"]
[Result "1-0"]
[PlyCount "115"]
[EventDate "2015.06.15"]

1. d4 Nf6 2. c4 e6 3. Nc3 d5 4. Nf3 c6 5. Bg5 Nbd7 6. e3 Bb4 7. Nd2 O-O 8. Be2
Qe7 9. O-O Rd8 10. a3 Bxc3 11. bxc3 e5 12. Re1 Nf8 13. Qc2 h6 14. Bh4 Ng6 15.
Bg3 exd4 16. exd4 Be6 17. Bd3 Nf8 18. c5 b5 19. Re3 a5 20. Rae1 Qb7 21. Nf3 Ra7
22. Bh4 N8d7 23. Ne5 Rc8 24. Ng6 fxg6 25. Rxe6 g5 26. Bg3 Nf8 27. R6e2 Qf7 28.
h3 Nh5 29. Bd6 Nf4 30. Re7 Rxe7 31. Rxe7 Qf6 32. Ra7 N8g6 33. Bxg6 Nxg6 34. Qe2
a4 35. g3 Kh7 36. Kg2 Qf5 37. Qg4 Qxg4 38. hxg4 Kg8 39. f3 Kh7 40. Kf2 Kg8 41.
Be5 Nxe5 42. dxe5 Re8 43. Rc7 Re6 44. f4 gxf4 45. gxf4 g5 46. Kf3 h5 47. gxh5
gxf4 48. Kxf4 Rh6 49. Kg5 Re6 50. Kf5 Rh6 51. e6 Kf8 52. Rxc6 Rxh5+ 53. Kf6
Rh6+ 54. Ke5 d4 55. cxd4 Rh1 56. Kd6 Re1 57. Rc8+ Kg7 58. e7 1-0

[Event "Memorial Guido Cappello"]
[Site "Milano ITA"]
[Date "2015.05.14"]
[Round "2"]
[White "Colica, Daniele"]
[Black "Brisotto, Stefano"]
[WhiteElo "1638"]
[BlackElo "1463"]
[Result "1-0"]
[PlyCount "45"]
[EventDate "2015.06.15"]

1. g4 d6 2. Bg2 Nc6 3. e3 e5 4. c4 Be6 5. d3 Be7 6. Nc3 Nf6 7. g5 Nd7 8. h4 O-O
9. Nge2 Nb6 10. Nd5 Bg4 11. f3 Bh5 12. Ng3 g6 13. Nxh5 gxh5 14. O-O Nxd5 15.
cxd5 Nb8 16. f4 f6 17. Qxh5 Nd7 18. g6 hxg6 19. Qxg6+ Kh8 20. Qh6+ Kg8 21. Bh3
Rf7 22. Be6 Bf8 23. Qg6+ 1-0

[Event "Memorial Guido Cappello"]
[Site "Milano ITA"]
[Date "2015.05.14"]
[Round "2"]
[White "Nepi, Ezio"]
[Black "Mina, N. Mina"]
[WhiteElo "1963"]
[BlackElo "2180"]
[Result "0-1"]
[PlyCount "64"]
[EventDate "2015.06.15"]

1. d4 Nf6 2. c4 g6 3. Nc3 Bg7 4. e4 d6 5. Be2 O-O 6. Nf3 Bg4 7. O-O Nfd7 8. d5
Nb6 9. Ne1 Bxe2 10. Qxe2 N8d7 11. Be3 c6 12. Rd1 cxd5 13. Nxd5 Nxd5 14. exd5
Qa5 15. b3 Rfe8 16. Bd4 Nf6 17. Nf3 a6 18. Qb2 b5 19. b4 Qa4 20. c5 dxc5 21.
bxc5 Nh5 22. Bxg7 Nxg7 23. Rd4 Qa5 24. Ne5 Qc7 25. Nd3 Rad8 26. Rc1 Nf5 27. d6
exd6 28. cxd6 Qb6 29. Rd5 Rxd6 30. Nf4 Qd8 31. Rxd6 Qxd6 32. Qb1 Qxf4 0-1

[Event "Memorial Guido Cappello"]
[Site "Milano ITA"]
[Date "2015.05.14"]
[Round "2"]
[White "Pelizzola, Danilo"]
[Black "Miracola, Giorgia"]
[WhiteElo "2080"]
[BlackElo "1870"]
[Result "1-0"]
[PlyCount "51"]
[EventDate "2015.06.15"]

1. e4 c5 2. Nf3 d6 3. d4 cxd4 4. Nxd4 Nf6 5. Nc3 a6 6. Be2 e5 7. Nb3 Be7 8. O-O
O-O 9. Be3 Be6 10. Qd2 Nbd7 11. a4 Rc8 12. a5 Qc7 13. Rfd1 Rfe8 14. h3 Bf8 15.
Bf3 Bc4 16. Qe1 Qc6 17. Nd2 Be6 18. Nf1 Nc5 19. Ng3 Qc7 20. Rd2 Rcd8 21. Qd1
Bd7 22. Nh5 Nxh5 23. Bxh5 Bc6 24. Bf3 Qe7 25. Nd5 Qh4 26. g3 1-0

[Event "Memorial Guido Cappello"]
[Site "Milano ITA"]
[Date "2015.05.14"]
[Round "2"]
[White "Ricciardi, Arcangelo"]
[Black "Papale, Carmelo"]
[WhiteElo "1737"]
[BlackElo "1794"]
[Result "0-1"]
[PlyCount "90"]
[EventDate "2015.06.15"]

1. e4 c5 2. Nf3 d6 3. d4 cxd4 4. Nxd4 Nf6 5. Nc3 a6 6. Bd3 e5 7. Nf3 Be7 8. O-O
Nc6 9. a3 Bg4 10. h3 Bh5 11. Be3 O-O 12. Nd5 b5 13. Re1 Rc8 14. Nb6 Rb8 15. Nd5
Re8 16. b3 Bf8 17. Bg5 Be7 18. g4 Bg6 19. Bxf6 Bxf6 20. c3 h6 21. a4 Re6 22. b4
Ne7 23. axb5 axb5 24. Ra5 Nxd5 25. exd5 Re7 26. Bxb5 Qb6 27. Qd2 Rc7 28. Rea1
Kh7 29. Bc6 Rcc8 30. Ra6 Qd8 31. b5 Be4 32. Qe3 Bg6 33. b6 e4 34. Nd4 Rxb6 35.
Ra8 Bxd4 36. Qxd4 Rbxc6 37. dxc6 Rxa8 38. Rxa8 Qxa8 39. c7 Qc6 40. Qa7 e3 41.
fxe3 Qxc3 42. Kf2 Qc2+ 43. Kg3 Be4 44. c8=Q Qg2+ 45. Kh4 g5+ 0-1

[Event "Memorial Guido Cappello"]
[Site "Milano ITA"]
[Date "2015.05.19"]
[Round "3"]
[White "Brisotto, Stefano"]
[Black "Arena, Ignazio"]
[WhiteElo "1463"]
[BlackElo "1441"]
[Result "1-0"]
[PlyCount "49"]
[EventDate "2015.06.15"]

1. e4 c5 2. c3 d6 3. Nf3 Nc6 4. d4 cxd4 5. cxd4 Bg4 6. Be2 Nf6 7. Nc3 g6 8. O-O
Bg7 9. h3 Bxf3 10. Bxf3 O-O 11. Bg5 Re8 12. Re1 Nd7 13. e5 Qa5 14. e6 fxe6 15.
d5 Nce5 16. dxe6 Nc5 17. Bd5 Qa6 18. f4 Ned3 19. Re2 Nb4 20. a3 Bxc3 21. axb4
Bd4+ 22. Kh2 Qd3 23. bxc5 Qxd1 24. Rxd1 Bxc5 25. Bxb7 1-0

[Event "Memorial Guido Cappello"]
[Site "Milano ITA"]
[Date "2015.05.19"]
[Round "3"]
[White "Cantoro, Daniele"]
[Black "Nepi, Ezio"]
[WhiteElo "2107"]
[BlackElo "1963"]
[Result "1-0"]
[PlyCount "53"]
[EventDate "2015.06.15"]

1. d4 d5 2. c4 c6 3. Nc3 Nf6 4. Nf3 e6 5. e3 Nbd7 6. Qc2 b6 7. Bd3 Bb7 8. O-O
Bd6 9. cxd5 cxd5 10. Bd2 O-O 11. a3 Qe7 12. Nb5 Rfc8 13. Qd1 Bb8 14. Bb4 Qd8
15. Nd6 Rc7 16. Ne5 Nxe5 17. dxe5 a5 18. Bc3 Ne8 19. Nxb7 Rxb7 20. f4 Ba7 21.
Bb5 Rc7 22. Bd4 Rcc8 23. b4 Qe7 24. Qd2 Qb7 25. Rac1 Rc7 26. Qe2 Bb8 27. Bxe8
1-0

[Event "Memorial Guido Cappello"]
[Site "Milano ITA"]
[Date "2015.05.19"]
[Round "3"]
[White "Gori, Andrea"]
[Black "Colica, Daniele"]
[WhiteElo "2079"]
[BlackElo "1638"]
[Result "0-1"]
[PlyCount "56"]
[EventDate "2015.06.15"]

1. d4 h6 2. e4 g5 3. Bc4 Bg7 4. Qf3 e6 5. Be3 c5 6. Ne2 Qb6 7. Bc1 cxd4 8. c3
Nc6 9. Qg3 Nge7 10. Nd2 d5 11. Bb3 Bd7 12. h4 O-O-O 13. hxg5 hxg5 14. Rxh8 Bxh8
15. exd5 exd5 16. Qxg5 Rg8 17. Qh5 Ne5 18. Nxd4 Nd3+ 19. Kf1 Bxd4 20. cxd4 Qxd4
21. Qxf7 Bb5 22. Kg1 Nf4 23. Bxd5 Ne2+ 24. Kf1 Nf4+ 25. Ke1 Nfxd5 26. Qe6+ Kb8
27. g3 Rd8 28. Kd1 Qxf2 0-1

[Event "Memorial Guido Cappello"]
[Site "Milano ITA"]
[Date "2015.05.19"]
[Round "3"]
[White "Mina, N. Mina"]
[Black "Pelizzola, Danilo"]
[WhiteElo "2180"]
[BlackElo "2080"]
[Result "1/2-1/2"]
[PlyCount "59"]
[EventDate "2015.06.15"]

1. c4 Nf6 2. Nc3 e6 3. g3 c5 4. Bg2 Nc6 5. Nf3 Be7 6. O-O O-O 7. b3 d5 8. e3 b6
9. Bb2 Bb7 10. Qe2 Rc8 11. d3 Qc7 12. Ne1 a6 13. f4 d4 14. Ne4 Nxe4 15. dxe4
Rcd8 16. Rd1 e5 17. Nf3 Bc8 18. exd4 Nxd4 19. Bxd4 exd4 20. Ne5 Rfe8 21. Nd3
Bf8 22. e5 b5 23. Bd5 Rxd5 24. cxd5 c4 25. bxc4 bxc4 26. Qc2 Bb7 27. Qa4 Bxd5
28. Nb4 Rd8 29. Nxd5 Rxd5 30. e6 1/2-1/2

[Event "Memorial Guido Cappello"]
[Site "Milano ITA"]
[Date "2015.05.19"]
[Round "3"]
[White "Miracola, Giorgia"]
[Black "Spada, Maurizio"]
[WhiteElo "1870"]
[BlackElo "1599"]
[Result "1-0"]
[PlyCount "69"]
[EventDate "2015.06.15"]

1. e4 e5 2. Nf3 Nf6 3. Nxe5 d6 4. Nf3 Nxe4 5. Nc3 Nxc3 6. dxc3 h6 7. Bc4 Nc6 8.
Be3 Bg4 9. h3 Bh5 10. g4 Bg6 11. Qd2 Qd7 12. Nd4 Be7 13. O-O-O O-O 14. h4 Ne5
15. Be2 Nxg4 16. Bxg4 Qxg4 17. Rdg1 Qd7 18. h5 c5 19. Ne2 Be4 20. Bxh6 Bxh1 21.
Bxg7 f5 22. Bxf8+ Kf7 23. Rxh1 Rxf8 24. h6 Bf6 25. Qd5+ Ke8 26. Kd1 Rh8 27. Nf4
Kd8 28. Ng6 Re8 29. h7 Bh8 30. Qg8 Qc6 31. Re1 Bf6 32. Qxe8+ Qxe8 33. Rxe8+
Kxe8 34. h8=Q+ Bxh8 35. Nxh8 1-0

[Event "Memorial Guido Cappello"]
[Site "Milano ITA"]
[Date "2015.05.19"]
[Round "3"]
[White "Papale, Carmelo"]
[Black "Cani, Gazmir"]
[WhiteElo "1794"]
[BlackElo "2128"]
[Result "1/2-1/2"]
[PlyCount "64"]
[EventDate "2015.06.15"]

1. e4 Nf6 2. e5 Nd5 3. c4 Nb6 4. d4 d6 5. f4 dxe5 6. fxe5 Nc6 7. Be3 Bf5 8. Be2
e6 9. Nf3 Be7 10. O-O O-O 11. Nc3 f6 12. exf6 Bxf6 13. Qd2 Qd7 14. Rad1 Rad8
15. Kh1 Qe7 16. Qe1 Kh8 17. a3 Rd7 18. b4 Rfd8 19. Qf2 h6 20. h3 Bg6 21. Rfe1
Qf7 22. Bd3 Bxd3 23. Rxd3 Nxc4 24. b5 Ne7 25. Ne4 Nd5 26. Bc1 b6 27. Rf1 Qg6
28. Qe2 Nd6 29. Nxf6 Nxf6 30. Ne5 Qh7 31. Nxd7 Rxd7 32. Re3 Nf5 1/2-1/2

[Event "Memorial Guido Cappello"]
[Site "Milano ITA"]
[Date "2015.05.19"]
[Round "3"]
[White "Rottondi, Paolo"]
[Black "Beccari, Paolo"]
[WhiteElo "1612"]
[BlackElo "1821"]
[Result "0-1"]
[PlyCount "54"]
[EventDate "2015.06.15"]

1. e4 c5 2. d4 cxd4 3. c3 d3 4. c4 Nc6 5. Nc3 Nf6 6. Bxd3 d6 7. Nf3 g6 8. Bf4
Bg7 9. Qe2 Bg4 10. h3 Nd4 11. Qe3 Bxf3 12. gxf3 Qb6 13. Rb1 O-O 14. O-O Nd7 15.
Nd5 Qd8 16. Bg5 f6 17. Bh4 Ne5 18. Be2 Nxe2+ 19. Qxe2 Qd7 20. Kh2 e6 21. Nc3
Qc7 22. b3 g5 23. Bg3 f5 24. exf5 Rxf5 25. Rbd1 Nxf3+ 26. Kh1 Bxc3 27. Bxd6 Qf7
0-1

[Event "Memorial Guido Cappello"]
[Site "Milano ITA"]
[Date "2015.05.26"]
[Round "4"]
[White "Beccari, Paolo"]
[Black "Mina, N. Mina"]
[WhiteElo "1821"]
[BlackElo "2180"]
[Result "0-1"]
[PlyCount "60"]
[EventDate "2015.06.15"]

1. e4 e5 2. Nf3 Nc6 3. Bb5 f5 4. d3 fxe4 5. dxe4 Nf6 6. O-O Bc5 7. Bg5 d6 8.
Nbd2 O-O 9. c3 h6 10. Bh4 Kh8 11. Qc2 g5 12. Bg3 Bg4 13. a4 a6 14. Bc4 Ne7 15.
h4 Nh5 16. Bxe5+ dxe5 17. Nxe5 Qc8 18. hxg5 hxg5 19. Nf7+ Rxf7 20. Bxf7 Ng3 21.
Kh2 Nxf1+ 22. Rxf1 Qf8 23. Ba2 Be2 24. b4 Bxf2 25. Rxf2 Qxf2 26. c4 Rf8 27.
Qc3+ Qf6 28. e5 Qf4+ 29. Kg1 Qf2+ 30. Kh2 Rf4 0-1

[Event "Memorial Guido Cappello"]
[Site "Milano ITA"]
[Date "2015.05.26"]
[Round "4"]
[White "Cani, Gazmir"]
[Black "Cantoro, Daniele"]
[WhiteElo "2128"]
[BlackElo "2107"]
[Result "1/2-1/2"]
[PlyCount "89"]
[EventDate "2015.06.15"]

1. d4 d5 2. Nf3 Nf6 3. c4 c6 4. Nc3 g6 5. cxd5 cxd5 6. Bf4 Bg7 7. e3 O-O 8. h3
a6 9. Bd3 b5 10. O-O Bb7 11. Qe2 Nc6 12. Ne5 Nd7 13. Nxc6 Bxc6 14. a4 b4 15.
Na2 a5 16. Nc1 e5 17. dxe5 Nxe5 18. Bxe5 Bxe5 19. Nb3 Re8 20. Qc2 Rc8 21. Nd4
Bxd4 22. exd4 Bb5 23. Qd2 Bc4 24. Rfd1 Qf6 25. Bxc4 Rxc4 26. Rac1 Rec8 27. Rxc4
Rxc4 28. Qe3 Rc2 29. Rd2 Rxd2 30. Qxd2 Qc6 31. b3 Qc3 32. Qd1 h5 33. Kf1 f5 34.
Ke2 Qb2+ 35. Kf1 h4 36. Qd3 Kg7 37. Qe3 Qb1+ 38. Ke2 Qc2+ 39. Ke1 Kf7 40. g3
Qe4 41. Ke2 Kf6 42. Kd2 hxg3 43. fxg3 g5 44. Qxe4 fxe4 45. g4 1/2-1/2

[Event "Memorial Guido Cappello"]
[Site "Milano ITA"]
[Date "2015.05.26"]
[Round "4"]
[White "Colica, Daniele"]
[Black "Miracola, Giorgia"]
[WhiteElo "1638"]
[BlackElo "1870"]
[Result "0-1"]
[PlyCount "30"]
[EventDate "2015.06.15"]

1. g4 d5 2. Bg2 Bxg4 3. c4 c6 4. cxd5 cxd5 5. Qb3 Qc8 6. Nc3 Nc6 7. Nxd5 Nf6 8.
e4 Nd7 9. Ne3 Nc5 10. Qb5 e5 11. f3 Bd7 12. Bf1 Be7 13. a3 Bh4+ 14. Kd1 Nd4 15.
Qb4 Ba4+ 0-1